000 00842nam a22001937a 4500
999 _c57109
_d57109
003 Ge_BSU
005 20191119155243.0
008 191119s2018 ge ||||| |||| 00| 0 geo d
041 _ageo
080 _a598.2(031) კ-81
245 _aკრწანისის ტყეპარკის ფრინველები :
_bმეგზური /
_cფოტო ლევან ქობალიასი.
264 _aთბილისი,
_c2018.
300 _a195 გვ.:
_bილ;
_c18 სმ.
500 _aგანმარტებანი: გვ.186–193
653 _aზოოლოგია
653 _aკრწანისის ტყეპარკში მობინადრე ფრინველები
700 _aქობალია, ლევან
_eფოტო
_95458
942 _2udc
_cBK